La educación física en el nivel primario

I tiakina i:
Ngā taipitopito rārangi puna kōrero
Kaituhi matua: Gómez, Jorge Roberto (Author)
Hōputu: Pukapuka
Reo:Pāniora
I whakaputaina: Buenos Aires Stadium 1986
Ngā marau:
Ngā Tūtohu: Tāpirihia he Tūtohu
Kāore He Tūtohu, Me noho koe te mea tuatahi ki te tūtohu i tēnei pūkete!

MARC

LEADER 00000nam a2200000 a 4500
001 UCW3230
003 CL-VaPUC
008 880520e19860000AG |||||||||||||||||spa|d
082 0 4 |a 372.86  |b GOM  |2 21 
100 |a Gómez, Jorge Roberto  |e author  |9 557333 
245 1 3 |a La educación física en el nivel primario 
300 |a 271 p 
942 |c BK 
945 |d 19880520 00:00:00 
260 |a Buenos Aires  |b Stadium  |c 1986 
650 0 |a Educación física  |9 240893 
650 0 |a Educación básica   |9 224933 
583 |a last modification  |c 20170726 04:50:22  |k Rodrigo Vera 
999 |c 217345  |d 217343 
952 |0 0  |1 0  |4 0  |6 372_860000000000000_GOM_1986  |7 0  |8 A  |9 204713  |a BIBEDU  |b BIBEDU  |d 2019-11-15  |i 2725002  |o 372.86 GOM 1986  |p 2725002  |r 2019-11-15  |w 2019-11-15  |y BK  |k EDU 
952 |0 0  |1 0  |4 0  |6 372_860000000000000_GOM_1986  |7 0  |8 A  |9 204714  |a BIBEDU  |b BIBEDU  |d 2019-11-15  |i 2725010  |o 372.86 GOM 1986  |p 2725010  |r 2019-11-15  |w 2019-11-15  |y BK  |k EDU 
952 |0 0  |1 0  |4 0  |6 372_860000000000000_GOM_1986  |7 0  |8 A  |9 204715  |a BIBEDU  |b BIBEDU  |d 2019-11-15  |i 2725029  |o 372.86 GOM 1986  |p 2725029  |r 2019-11-15  |w 2019-11-15  |y BK  |k EDU